000 00618nam a2200121Ia 4500
008 220620s9999||||xx |||||||||||||| ||und||
245 0 _aBiodiversity Conservation and Phylogenetic Systematics: Preserving our evolutionary heritage in an extinction crisis
546 _aEnglish[eng]
650 _aBiodiversity||Nature conservation
700 _aPellens, Roseli||Grandcolas, Philippe
856 _uhttps://library.oapen.org/bitstream/20.500.12657/28124/1/1001870.pdf||https://library.oapen.org/bitstream/20.500.12657/28124/1/1001870.pdf||https://library.oapen.org/bitstream/20.500.12657/28124/1/1001870.pdf
942 _cEB
999 _c27575
_d27575